000 01396pab a2200181 454500
008 180718b2007 xxu||||| |||| 00| 0 eng d
100 _aDwivedi, O.P.
245 _aIndia in a globalised world: Transforming bureaucracy for the well-being and prosperity of all
260 _c2007
300 _ap.717-741.
362 _aOct-Dec
520 _aEffective and compassionate functioning of government bureaucracy is crucial to the bold and imaginative steps which are imperative to improve social and economic conditions, reduce poverty, stabilise population, enhance economic prosperity, and make service delivery system citizen-friendly and efficient. In this article the author examines some interconnected critical issues confronting a great nation: transforming sustainable development as a strategy for the well-being of the nation, India in a globalised world, role of bureaucracy towards the well-being and prosperity of all, spirituality as a leading value for public servants and commitment of India's political leadership. He concludes that the country could do much better if there is a transformation in its administrative style and tradition towards a no nonsense, pragmatic, practical and above all ethnical approach. - Reproduced.
650 _aBureaucracy - India
650 _aBureaucracy
773 _aIndian Journal of Public Administration
908 _aN
909 _a77367
999 _c77367
_d77367